|
|
|
|
| LEADER |
01593nam a22003734a 4500 |
| 001 |
EBC227559 |
| 003 |
MiAaPQ |
| 005 |
20200520144314.0 |
| 006 |
m o d | |
| 007 |
cr cn||||||||| |
| 008 |
050314s2005 njua s 001 0 eng |
| 010 |
|
|
|z 2005007461
|
| 020 |
|
|
|z 0471711519 (cloth)
|
| 035 |
|
|
|a (MiAaPQ)EBC227559
|
| 035 |
|
|
|a (Au-PeEL)EBL227559
|
| 035 |
|
|
|a (CaPaEBR)ebr10114219
|
| 035 |
|
|
|a (CaONFJC)MIL27766
|
| 035 |
|
|
|a (OCoLC)70720186
|
| 040 |
|
|
|a MiAaPQ
|c MiAaPQ
|d MiAaPQ
|
| 050 |
|
4 |
|a HG261
|b .G683 2005
|
| 082 |
0 |
4 |
|a 332.64/4242
|2 22
|
| 100 |
1 |
|
|a Gotthelf, Philip.
|
| 245 |
1 |
0 |
|a Precious metals trading
|h [electronic resource] :
|b how to forecast and profit from major market moves /
|c Philip Gotthelf.
|
| 260 |
|
|
|a Hoboken, N.J. :
|b John Wiley & Sons,
|c c2005.
|
| 300 |
|
|
|a vii, 340 p. :
|b ill.
|
| 500 |
|
|
|a Includes index.
|
| 505 |
0 |
|
|a What's all the fuss about? -- Monetary roles -- Are precious metals investments? -- New strategies for new markets -- Price action -- Gold fundamentals -- Silver fundamentals -- Platinum fundamentals -- Palladium fundamentals -- Investing in stocks -- The physical market -- Projections.
|
| 533 |
|
|
|a Electronic reproduction. Ann Arbor, MI : ProQuest, 2015. Available via World Wide Web. Access may be limited to ProQuest affiliated libraries.
|
| 650 |
|
0 |
|a Precious metals.
|
| 650 |
|
0 |
|a Metals as an investment.
|
| 650 |
|
0 |
|a Investment analysis.
|
| 655 |
|
4 |
|a Electronic books.
|
| 710 |
2 |
|
|a ProQuest (Firm)
|
| 856 |
4 |
0 |
|u https://ebookcentral.proquest.com/lib/matrademy/detail.action?docID=227559
|z Click to View
|